000
00311nam a2200121Ia 4500
008
190216s9999||||xx |||||||||||||| ||und||
100
_a
Teja Ed
 Laura Johnson
245
0
_a
Ibm Pc And Ps/2 Graphics Hand Book
260
_b
Microteck Pubs Dubai
_c
1990
300
_a
419 p-
650
_a
Computer
942
_c
BK
999
_c
8550
_d
8550